[Event "Novi Sad Vojvodina op 12th"]
[Site "Novi Sad"]
[Date "2022.07.27"]
[Round "4"]
[White "Leskur, Dejan"]
[Black "Mushini, Ajay"]
[Result "1-0"]
[WhiteElo "2265"]
[BlackElo "2108"]
[PlyCount "70"]
[EventDate "2022.07.24"]
[EventType "swiss"]
[EventRounds "9"]
[EventCountry "SRB"]
[SourceTitle "CBM 209 Extra"]
[Source "ChessBase"]
[SourceDate "2022.09.30"]
[SourceVersion "1"]
[SourceVersionDate "2022.09.30"]
[SourceQuality "1"]

1. e4 c5 2. Nf3 d6 3. Bc4 Nf6 4. d3 Nc6 5. h3 g6 6. c3 Bg7 7. Bb3 0-0 8. 0-0 e5 9. Re1 Qe7 10. Nbd2 Be6 11. Nf1 Rad8 12. Bg5 h6 13. Bh4 g5 14. Bg3 b5 15. Ne3 a5 16. h4 g4 17. Nh2 h5 18. f3 Bh6 19. Nd5 Bxd5 20. exd5 a4 21. dxc6 axb3 22. fxg4 hxg4 23. Nxg4 Nxg4 24. Qxg4+ Kh8 25. Qh5 Kg7 26. d4 f6 27. axb3 Ra8 28. Rxa8 Rxa8 29. dxc5 dxc5 30. Rd1 Rd8 31. Qg4+ Kf7 32. Rd7 Rxd7 33. cxd7 Be3+ 34. Kh2 c4 35. bxc4 bxc4 1-0

[Event "Novi Sad Serbia op-A"]
[Site "Novi Sad"]
[Date "2022.06.30"]
[Round "3"]
[White "Leskur, Dejan"]
[Black "Raja, Harshit"]
[Result "1-0"]
[WhiteElo "2265"]
[BlackElo "2479"]
[PlyCount "67"]
[EventDate "2022.06.28"]
[EventType "swiss"]
[EventRounds "9"]
[EventCountry "SRB"]
[SourceTitle "EXT 2023"]
[Source "ChessBase"]
[SourceDate "2022.10.05"]
[SourceVersion "1"]
[SourceVersionDate "2022.10.05"]
[SourceQuality "1"]

1. e4 c5 2. Nf3 d6 3. Bc4 Nf6 4. d3 Nc6 5. h3 g6 6. c3 Bg7 7. Bb3 0-0 8. 0-0 b5 9. Re1 a5 10. a3 Rb8 11. d4 c4 12. Bc2 d5 13. e5 Ne4 14. Bxe4 dxe4 15. Rxe4 Qd5 16. Re1 Bb7 17. Bf4 Rbd8 18. Nbd2 f6 19. exf6 exf6 20. a4 g5 21. Bg3 bxa4 22. Qxa4 Ba6 23. b3 cxb3 24. Qxb3 Qxb3 25. Nxb3 Rd5 26. Nc5 Rxc5 27. dxc5 f5 28. Bd6 Bxc3 29. Bxf8 Bxe1 30. Rxe1 Kxf8 31. Nxg5 Bc4 32. Nf3 Nb4 33. Ne5 Be6 34. Nc6 1-0

[Event "Novi Sad Serbia op-A"]
[Site "Novi Sad"]
[Date "2022.06.28"]
[Round "1"]
[White "Koustav, Chatterjee"]
[Black "Leskur, Dejan"]
[Result "1-0"]
[WhiteElo "2485"]
[BlackElo "2265"]
[PlyCount "81"]
[EventDate "2022.06.28"]
[EventType "swiss"]
[EventRounds "9"]
[EventCountry "SRB"]
[SourceTitle "EXT 2023"]
[Source "ChessBase"]
[SourceDate "2022.10.05"]
[SourceVersion "1"]
[SourceVersionDate "2022.10.05"]
[SourceQuality "1"]

1. d4 g6 2. Nf3 Bg7 3. c4 f5 4. g3 Nf6 5. Bg2 0-0 6. 0-0 d6 7. Nc3 c6 8. d5 Bd7 9. Nd4 Qb6 10. Rb1 a5 11. e3 Na6 12. Nce2 cxd5 13. cxd5 Nb4 14. Nc3 Rfc8 15. a3 Na6 16. Nce2 Nc7 17. Nf4 Ne4 18. Qd3 Nc5 19. Qe2 Nb5 20. Bd2 Nxd4 21. exd4 Nb3 22. Bc3 Re8 23. Rbd1 Qb5 24. Qe3 Rac8 25. h4 Bh6 26. h5 Qc4 27. Qf3 Kf7 28. Ne6 b5 29. hxg6+ hxg6 30. g4 Bxe6 31. dxe6+ Kxe6 32. Rfe1+ Kd7 33. Bf1 Qc6 34. d5 Qb6 35. Qe2 Rb8 36. Qe6+ Kc7 37. Qxg6 b4 38. Bf6 Nd2 39. Kg2 Bf4 40. Qxf5 exf6 41. Rc1+ 1-0

[Event "Novi Sad TS IM Mix 245th"]
[Site "Novi Sad"]
[Date "2022.03.10"]
[Round "7"]
[White "Gusev, Mikhail"]
[Black "Leskur, Dejan"]
[Result "1/2-1/2"]
[WhiteElo "1957"]
[BlackElo "2257"]
[PlyCount "52"]
[EventDate "2022.03.07"]
[EventType "tourn"]
[EventRounds "9"]
[EventCountry "SRB"]
[SourceTitle "CBM 207 Extra"]
[Source "ChessBase"]
[SourceDate "2022.05.31"]
[SourceVersion "1"]
[SourceVersionDate "2022.05.31"]
[SourceQuality "1"]

1. d4 g6 2. c4 Bg7 3. Nf3 c5 4. d5 Nf6 5. Nc3 0-0 6. e4 d6 7. h3 e6 8. Bd3 exd5 9. exd5 a6 10. a4 Nh5 11. 0-0 Nd7 12. a5 Ne5 13. Nxe5 Bxe5 14. Bh6 Re8 15. Qf3 f5 16. Rfe1 Bd7 17. Ne2 Rb8 18. Nf4 Ng7 19. Re2 Qh4 20. Bxg7 Kxg7 21. g3 Qf6 22. Rae1 Bxb2 23. Ne6+ Kh8 24. Qf4 Be5 25. Rxe5 dxe5 26. Rxe5 b6 1/2-1/2

[Event "Novi Sad TS Mix 225th"]
[Site "Novi Sad"]
[Date "2021.11.25"]
[Round "5"]
[White "Leskur, Dejan"]
[Black "Rakshitta, Ravi"]
[Result "1/2-1/2"]
[WhiteElo "2276"]
[BlackElo "2172"]
[PlyCount "31"]
[EventDate "2021.11.22"]
[EventType "swiss"]
[EventRounds "9"]
[EventCountry "SRB"]
[SourceTitle "CBM 205 Extra"]
[Source "ChessBase"]
[SourceDate "2022.01.31"]
[SourceVersion "1"]
[SourceVersionDate "2022.01.31"]
[SourceQuality "1"]

1. e4 e5 2. Nf3 Nc6 3. Bb5 a6 4. Ba4 Nf6 5. 0-0 b5 6. Bb3 Bb7 7. Re1 Be7 8. d3 0-0 9. Nc3 d6 10. a3 Qd7 11. Bd2 Nd4 12. Nxd4 exd4 13. Nd5 Nxd5 14. exd5 Bf6 15. Qf3 Rfe8 16. h3 1/2-1/2

[Event "Novi Sad TS Mix 223rd"]
[Site "Novi Sad"]
[Date "2021.11.16"]
[Round "1"]
[White "Andreev, Konstantin1111"]
[Black "Leskur, Dejan"]
[Result "0-1"]
[WhiteElo "2044"]
[BlackElo "2276"]
[PlyCount "98"]
[EventDate "2021.11.16"]
[EventType "swiss"]
[EventRounds "9"]
[EventCountry "SRB"]
[SourceTitle "CBM 205 Extra"]
[Source "ChessBase"]
[SourceDate "2022.01.31"]
[SourceVersion "1"]
[SourceVersionDate "2022.01.31"]
[SourceQuality "1"]

1. e4 g6 2. d4 d6 3. Nc3 Bg7 4. Be3 a6 5. Qd2 b5 6. 0-0-0 Bb7 7. f3 Nd7 8. h4 h6 9. Nh3 Rc8 10. d5 c5 11. dxc6 Bxc6 12. Bd4 Bxd4 13. Qxd4 Ngf6 14. g4 Qb6 15. Ne2 Qxd4 16. Nxd4 Bb7 17. g5 Nh5 18. Bg2 Nc5 19. Rhe1 hxg5 20. hxg5 e5 21. Ne2 Ke7 22. Nf2 Ne6 23. Bh3 Nhg7 24. f4 exf4 25. Nd4 Rc5 26. Bxe6 Nxe6 27. Nxe6 fxe6 28. Rh1 Rcc8 29. Kd2 e5 30. Rde1 Ke6 31. c3 Rcg8 32. b3 Rh5 33. c4 Rxg5 34. Rh7 Rg2 35. Ke2 Bxe4 36. Kf1 Ba8 37. c5 Rg3 38. cxd6 Bg2+ 39. Kg1 Bf3+ 40. Kf1 Kxd6 41. Rc1 Bg2+ 42. Ke2 Re3+ 43. Kd2 Rd8 44. Ng4 Ke6+ 45. Kc2 Rc8+ 46. Kd2 Rd8+ 47. Kc2 Re2+ 48. Kb1 Be4+ 49. Ka1 Rdd2 0-1

[Event "Novi Sad TS Mix 217th"]
[Site "Novi Sad"]
[Date "2021.10.22"]
[Round "11"]
[White "Mrdja, Milan"]
[Black "Leskur, Dejan"]
[Result "1/2-1/2"]
[WhiteElo "2260"]
[BlackElo "2285"]
[PlyCount "22"]
[EventDate "2021.10.16"]
[EventType "tourn"]
[EventRounds "13"]
[EventCountry "SRB"]
[EventCategory "1"]
[SourceTitle "EXT 2023"]
[Source "ChessBase"]
[SourceDate "2022.10.05"]
[SourceVersion "1"]
[SourceVersionDate "2022.10.05"]
[SourceQuality "1"]

1. e4 c6 2. d3 d5 3. Nd2 e5 4. Ngf3 Nd7 5. Be2 Ngf6 6. 0-0 Bd6 7. c3 0-0 8. Re1 Re8 9. Bf1 dxe4 10. dxe4 Qc7 11. Qc2 Bc5 1/2-1/2

[Event "Novi Sad TS Mix 217th"]
[Site "Novi Sad"]
[Date "2021.10.19"]
[Round "5"]
[White "Rakshitta, Ravi"]
[Black "Leskur, Dejan"]
[Result "1/2-1/2"]
[WhiteElo "2173"]
[BlackElo "2285"]
[PlyCount "113"]
[EventDate "2021.10.16"]
[EventType "tourn"]
[EventRounds "13"]
[EventCountry "SRB"]
[EventCategory "1"]
[SourceTitle "EXT 2023"]
[Source "ChessBase"]
[SourceDate "2022.10.05"]
[SourceVersion "1"]
[SourceVersionDate "2022.10.05"]
[SourceQuality "1"]

1. e4 g6 2. d4 d6 3. Nc3 Bg7 4. Be3 a6 5. Qd2 b5 6. h4 h6 7. 0-0-0 Bb7 8. f3 Nf6 9. Nh3 c6 10. g4 Nbd7 11. g5 hxg5 12. hxg5 Nh5 13. Nf4 Nxf4 14. Rxh8+ Bxh8 15. Bxf4 Qa5 16. Qh2 0-0-0 17. Kb1 c5 18. Nd5 Bxd5 19. exd5 Bxd4 20. c3 Rh8 21. Qe2 Be5 22. Bxe5 dxe5 23. d6 Qb6 24. dxe7 Qe6 25. Qe4 Kc7 26. Bg2 Qf5 27. Qxf5 gxf5 28. Rh1 Re8 29. Rh7 Kd6 30. Bh3 Rxe7 31. Bxf5 Nf8 32. Rh6+ Ne6 33. Kc2 c4 34. Rf6 Kd5 35. Be4+ Kc5 36. Kd2 a5 37. a3 b4 38. a4 b3 39. Ke3 Kd6 40. Bf5 Kd5 41. g6 fxg6 42. Rxg6 Nc5 43. Be4+ Nxe4 44. fxe4+ Kc5 45. Ra6 Rh7 46. Rxa5+ Kd6 47. Ra6+ Kc5 48. Ra5+ Kd6 49. Rd5+ Ke6 50. a5 Rh3+ 51. Kd2 Rh2+ 52. Ke3 Rxb2 53. Rc5 Rc2 54. Rxc4 b2 55. Rb4 Rxc3+ 56. Kd2 Ra3 57. Rxb2 1/2-1/2

[Event "Novi Sad TS Mix 217th"]
[Site "Novi Sad"]
[Date "2021.10.18"]
[Round "4"]
[White "Leskur, Dejan"]
[Black "Sai Agni, Jeevitesh J"]
[Result "1/2-1/2"]
[WhiteElo "2285"]
[BlackElo "2318"]
[PlyCount "78"]
[EventDate "2021.10.16"]
[EventType "tourn"]
[EventRounds "13"]
[EventCountry "SRB"]
[EventCategory "1"]
[SourceTitle "EXT 2023"]
[Source "ChessBase"]
[SourceDate "2022.10.05"]
[SourceVersion "1"]
[SourceVersionDate "2022.10.05"]
[SourceQuality "1"]

1. e4 e6 2. d4 d5 3. Nc3 Nf6 4. Bg5 dxe4 5. Nxe4 Be7 6. Bxf6 gxf6 7. Nf3 f5 8. Nc3 a6 9. g3 b5 10. Bg2 Bb7 11. 0-0 c5 12. a4 b4 13. Ne2 0-0 14. c3 Nd7 15. Nf4 Nf6 16. Ne5 Bxg2 17. Kxg2 bxc3 18. bxc3 cxd4 19. cxd4 Nd5 20. Ne2 Bd6 21. Nf3 Qf6 22. Qd3 Kh8 23. Rab1 Ra7 24. Rfc1 Nb4 25. Qe3 a5 26. Rc4 Rg8 27. Rbc1 Raa8 28. Nc3 Rad8 29. Qe2 Qh6 30. Rd1 Rc8 31. Ne5 Qg7 32. Re1 f4 33. Nb5 Bxe5 34. dxe5 Rxc4 35. Qxc4 Qg4 36. Qe4 Nd5 37. Kh1 fxg3 38. fxg3 Qxe4+ 39. Rxe4 Rc8 1/2-1/2

[Event "SRB-chT Premier"]
[Site "Vrnjacka Banja"]
[Date "2021.09.11"]
[Round "5.3"]
[White "Bozic, Milan"]
[Black "Leskur, Dejan"]
[Result "1/2-1/2"]
[WhiteElo "2262"]
[BlackElo "2288"]
[PlyCount "28"]
[EventDate "2021.09.07"]
[EventType "team-tourn"]
[EventRounds "11"]
[EventCountry "SRB"]
[SourceTitle "CBM 204 Extra"]
[Source "ChessBase"]
[SourceDate "2021.11.30"]
[SourceVersion "1"]
[SourceVersionDate "2021.11.30"]
[SourceQuality "1"]
[WhiteTeam "Valjevo 2005"]
[BlackTeam "Novi Sad SK"]
[WhiteTeamCountry "SRB"]
[BlackTeamCountry "SRB"]

1. c4 g6 2. g3 Bg7 3. Bg2 f5 4. Nc3 Nf6 5. Nf3 0-0 6. 0-0 d6 7. d4 c6 8. b3 Qa5 9. Bb2 e5 10. dxe5 dxe5 11. e4 Na6 12. Qe1 f4 13. Nd5 Qxe1 14. Nxf6+ Bxf6 1/2-1/2

[Event "Vojvodina op 11th"]
[Site "Novi Sad"]
[Date "2021.07.30"]
[Round "7"]
[White "Aditya, Bikram Paul"]
[Black "Leskur, Dejan"]
[Result "0-1"]
[WhiteElo "1964"]
[BlackElo "2275"]
[PlyCount "114"]
[EventDate "2021.07.25"]
[EventType "swiss"]
[EventRounds "9"]
[EventCountry "SRB"]
[SourceTitle "CBM 203 Extra"]
[Source "ChessBase"]
[SourceDate "2021.09.30"]
[SourceVersion "1"]
[SourceVersionDate "2021.09.30"]
[SourceQuality "1"]

1. d4 g6 2. c4 Bg7 3. Nc3 f5 4. g3 Nf6 5. Bg2 0-0 6. Nf3 d6 7. 0-0 c6 8. Qc2 Na6 9. e4 fxe4 10. Nxe4 Bf5 11. Nxf6+ exf6 12. Qb3 Qb6 13. Qxb6 axb6 14. Bf4 Rfd8 15. d5 c5 16. a3 Nc7 17. Rfe1 Kf7 18. Nd2 g5 19. Be3 Re8 20. Bf3 Kg6 21. Rac1 Bf8 22. g4 Bd7 23. Red1 f5 24. gxf5+ Bxf5 25. Nf1 h5 26. Ng3 Bg4 27. Rd3 Ra4 28. Bxg4 hxg4 29. Nf1 Bg7 30. b4 cxb4 31. axb4 Rxb4 32. Rdd1 Be5 33. Bd4 Bf4 34. Rb1 Rxb1 35. Rxb1 b5 36. c5 Rd8 37. c6 bxc6 38. Bb6 Rc8 39. Bxc7 Rxc7 40. dxc6 Rxc6 41. Rxb5 Rc5 42. Rb4 Rd5 43. Rb3 Kf5 44. Kg2 Ra5 45. Ne3+ Ke4 46. Nxg4 d5 47. h3 d4 48. Nf6+ Ke5 49. Nh5 Kd5 50. Rb7 d3 51. h4 Kc4 52. Rb1 Kc3 53. Nxf4 gxf4 54. Kf3 Kc2 55. Rb8 Ra3 56. Rd8 d2+ 57. Kxf4 Rd3 0-1

[Event "Vojvodina op 11th"]
[Site "Novi Sad"]
[Date "2021.07.26"]
[Round "3"]
[White "Atalik, Suat"]
[Black "Leskur, Dejan"]
[Result "1/2-1/2"]
[WhiteElo "2483"]
[BlackElo "2275"]
[PlyCount "62"]
[EventDate "2021.07.25"]
[EventType "swiss"]
[EventRounds "9"]
[EventCountry "SRB"]
[SourceTitle "CBM 203 Extra"]
[Source "ChessBase"]
[SourceDate "2021.09.30"]
[SourceVersion "1"]
[SourceVersionDate "2021.09.30"]
[SourceQuality "1"]

1. d4 g6 2. e4 Bg7 3. c4 c5 4. Ne2 d6 5. dxc5 dxc5 6. Qxd8+ Kxd8 7. Nbc3 Nc6 8. Bg5 h6 9. Rd1+ Nd4 10. Nxd4 cxd4 11. Bd2 Nf6 12. e5 Nd7 13. Nb5 Bxe5 14. Bb4 b6 15. Nxd4 Bb7 16. h4 a6 17. Rh3 Kc7 18. Re3 e6 19. Nxe6+ fxe6 20. Rxe5 Nxe5 21. Bd6+ Kc8 22. Bxe5 Rd8 23. Rc1 Be4 24. Bf4 h5 25. Rc3 Kb7 26. Re3 Bf5 27. Be2 Rac8 28. Be5 Rd7 29. f3 Rcd8 30. Bc3 Re8 31. g4 Bc2 1/2-1/2

[Event "SRB-chT Premier"]
[Site "Ruma"]
[Date "2020.10.03"]
[Round "11.3"]
[White "Leskur, Dejan"]
[Black "Zajic, Milan"]
[Result "1/2-1/2"]
[WhiteElo "2303"]
[BlackElo "2467"]
[PlyCount "41"]
[EventDate "2020.09.25"]
[EventType "team-tourn"]
[EventRounds "11"]
[EventCountry "SRB"]
[SourceTitle "CBM 198 Extra"]
[Source "ChessBase"]
[SourceDate "2020.11.30"]
[SourceVersion "1"]
[SourceVersionDate "2020.11.30"]
[SourceQuality "1"]
[WhiteTeam "Novi Sad SK"]
[BlackTeam "Goracici Jelica"]
[WhiteTeamCountry "SRB"]
[BlackTeamCountry "SRB"]

1. e4 Nc6 2. Nf3 d6 3. d4 Nf6 4. c3 g6 5. Bd3 Bg7 6. h3 0-0 7. 0-0 e5 8. Re1 h6 9. Na3 Bd7 10. Nc2 Re8 11. Bd2 b5 12. b4 Rb8 13. a4 a6 14. axb5 axb5 15. dxe5 Nxe5 16. Nxe5 Rxe5 17. Nd4 Re8 18. Ra5 c6 19. Bf4 Qc7 20. Qd2 g5 21. Qd1 1/2-1/2

[Event "SRB-chT Premier"]
[Site "Ruma"]
[Date "2020.09.25"]
[Round "1.5"]
[White "Radisavljevic, Dalibor"]
[Black "Leskur, Dejan"]
[Result "0-1"]
[WhiteElo "2163"]
[BlackElo "2303"]
[PlyCount "80"]
[EventDate "2020.09.25"]
[EventType "team-tourn"]
[EventRounds "11"]
[EventCountry "SRB"]
[SourceTitle "CBM 198 Extra"]
[Source "ChessBase"]
[SourceDate "2020.11.30"]
[SourceVersion "1"]
[SourceVersionDate "2020.11.30"]
[SourceQuality "1"]
[WhiteTeam "Belgrade Partizan"]
[BlackTeam "Novi Sad SK"]
[WhiteTeamCountry "SRB"]
[BlackTeamCountry "SRB"]

1. e4 c5 2. Nf3 d6 3. d4 cxd4 4. Nxd4 Nf6 5. Nc3 Nc6 6. Bg5 Qb6 7. Nb3 e6 8. a4 Be7 9. Qd2 0-0 10. f4 Rd8 11. a5 Qc7 12. 0-0-0 Nxa5 13. Nxa5 Qxa5 14. Kb1 h6 15. Bxf6 Bxf6 16. Nd5 Qxd2 17. Nxf6+ gxf6 18. Rxd2 Kf8 19. Be2 Ke7 20. Rf1 Bd7 21. g4 Bc6 22. Bd3 Rg8 23. h3 h5 24. Rg1 hxg4 25. hxg4 Rg7 26. b4 b5 27. c3 a6 28. Ra2 d5 29. exd5 Bxd5 30. Ra5 Kd6 31. Kc2 Kc7 32. Be2 Kb6 33. Rga1 Rgg8 34. Kd2 Bb7 35. Rg1 Rh8 36. g5 Rad8+ 37. Ke1 fxg5 38. Rxg5 Rh1+ 39. Bf1 Rd3 40. c4 Rf3 0-1

[Event "Belgrade Vucicevic Memorial"]
[Site "Belgrade"]
[Date "2019.12.22"]
[Round "10"]
[White "Milanovic, Danilo"]
[Black "Leskur, Dejan"]
[Result "1/2-1/2"]
[WhiteElo "2456"]
[BlackElo "2311"]
[PlyCount "139"]
[EventDate "2019.12.22"]
[EventType "swiss (blitz)"]
[EventRounds "13"]
[EventCountry "SRB"]
[SourceTitle "CBM 194 Extra"]
[Source "ChessBase"]
[SourceDate "2020.03.31"]
[SourceVersion "1"]
[SourceVersionDate "2020.03.31"]
[SourceQuality "1"]

1. d4 g6 2. c4 Bg7 3. e4 c5 4. d5 d6 5. Bd3 Nf6 6. Ne2 0-0 7. 0-0 e6 8. Nbc3 exd5 9. cxd5 b6 10. a4 Na6 11. h3 Nb4 12. Bc4 Re8 13. Ng3 a6 14. Re1 Nd7 15. f4 Qh4 16. Nf1 Bb7 17. Be3 f5 18. exf5 gxf5 19. Qd2 Kh8 20. Bf2 Qf6 21. Ng3 Qg6 22. Rxe8+ Rxe8 23. Re1 Nf6 24. Rxe8+ Nxe8 25. Qe2 Bc8 26. Qe7 Kg8 27. Be2 Qf7 28. Qd8 Qd7 29. Qxb6 Nf6 30. Bc4 h6 31. Qb8 Kh7 32. a5 Bb7 33. b3 Nbxd5 34. Nxd5 Nxd5 35. Ne2 Ne7 36. Bf7 Qc6 37. Kf1 Qxg2+ 38. Ke1 Qh1+ 39. Bg1 Bd5 40. Qe8 Bxf7 41. Qxf7 Qe4 42. Kf1 Nd5 43. Bf2 Nf6 44. Qc7 Qh1+ 45. Ng1 Qd5 46. Qb6 Qd3+ 47. Kg2 Ne4 48. Bh4 Qd2+ 49. Kh1 Qxf4 50. Qd8 Ng3+ 51. Kg2 Ne4 52. Qe7 Qd2+ 53. Kh1 Qd5 54. Nf3 Nd2 55. Bf6 Qxf3+ 56. Kh2 Qf2+ 57. Kh1 Qf1+ 58. Kh2 Nf3+ 59. Kg3 Qg1+ 60. Kxf3 Qg6 61. Bc3 d5 62. Be5 d4 63. h4 Qg4+ 64. Kf2 d3 65. Bxg7 Qxg7 66. Qxc5 Qb2+ 67. Kg3 d2 68. Qd5 Qc3+ 69. Kf4 Qc2 70. Qf7+ 1/2-1/2